000 00368 a2200169 4500
001 156829
020 _a9788526012554
040 _cEscola São Tomás de Aquino
100 _aCOLASANTI, Marina
240 1 0 _aPoesia em 4 tempos
_lpor
245 1 0 _aPoesia em 4 tempos
300 _a43 p.
362 0 _a2008
440 1 _aGlobal
697 _aPoesia
942 _cBK
999 _c156829
_d156829